Planetas exteriores : Urano y Neptuno /
Recientes descubrimientos en los planetas exteriores han cambiado la manera en la cual vemos el sistema solar. History Channel te lleva a otro viaje espacial en cual visitaremos las lunas de Neptuno, la atmósfera de Urano y la fría superficie de Plutón en busca de nuevos descubrimientos y nuevas res...
Guardado en:
| Autor Principal: | |
|---|---|
| Autor Corporativo: | |
| Formato: | |
| Publicado: |
Estados Unidos,
2007.
|
| Series: | El Universo
|
| Materias: | |
| Etiquetas: |
Agregar Etiqueta
Sin Etiquetas, Sea el primero en etiquetar este registro!
|
| LEADER | 01197ngm a22003015g 4500 | ||
|---|---|---|---|
| 001 | CEM.cems023207 | ||
| 008 | 130507s2007##################0###0#####d | ||
| 005 | 20250219155826.0 | ||
| 245 | 1 | 0 | |a Planetas exteriores : |b Urano y Neptuno / |c Douglas Cohen. |
| 260 | |a Estados Unidos, |c 2007. | ||
| 300 | |a 44'. | ||
| 490 | 0 | |a El Universo | |
| 520 | |a Recientes descubrimientos en los planetas exteriores han cambiado la manera en la cual vemos el sistema solar. History Channel te lleva a otro viaje espacial en cual visitaremos las lunas de Neptuno, la atmósfera de Urano y la fría superficie de Plutón en busca de nuevos descubrimientos y nuevas respuestas. | ||
| 500 | |a Consultar en ventanilla. | ||
| 538 | |a Soporte: DVD - Color: Si - Grabación DRD | ||
| 590 | |a Identificación anterior registrada en SIABUC: DVD Nº98 | ||
| 100 | 1 | |a Cohen, Douglas | |
| 710 | 2 | |a History Channel. | |
| 082 | 5 | 2 | |/ COH-1.2 |
| 653 | |a ASTRONOMÍA | ||
| 653 | |a PLANETAS | ||
| 653 | |a GALAXIA | ||
| 653 | |a VÍA LÁCTEA | ||
| 653 | |a SISTEMA SOLAR | ||
| 653 | |a NIVEL SECUNDARIO | ||
| 653 | |a SERIE | ||
| 653 | |a DOCUMENTAL | ||
| 859 | |a CEMS |b BIB. CEMS - Depto. Recursos Didacticos |h 520 |i COH-1.2 |k DRD |p 1850.13 |t Ej.1 | ||
